| 000 | 00647cam a2200217 4500 | ||
|---|---|---|---|
| 001 | BFIL007892 | ||
| 008 | 1951 spa | ||
| 035 | _aBFIL007892 | ||
| 050 | 4 |
_aHQ784 _b.A87 K52 1951 |
|
| 100 | 1 | _aKieffer, Francisco | |
| 245 | 3 |
_aLa Autoridad en la familia y en la escuela / _cpor Francisco Kieffer ; tr. por L. Reca. |
|
| 260 |
_aMadrid : _bFax, _c1951 |
||
| 300 |
_a283 p. ; _c21 cm. |
||
| 440 | 0 | _aBiblioteca de Filosofía y Pedagogía | |
| 500 | _a1 ejem. | ||
| 504 | _aIncluye bibliografías | ||
| 650 | 4 |
_aFamilia _xAutoridad |
|
| 650 | 4 |
_aFamilia _xRelaciones |
|
| 700 | 1 |
_aReca, L., _etr. |
|
| 942 |
_2lcc _cLIB |
||
| 999 |
_c95323 _d95323 |
||